000 00302nam a2200097Ia 4500
008 220120s9999||||xx |||||||||||||| ||und||
100 _aSadia Amrin and others
_912518
245 0 _aRed taction human area networking
260 _aCoorg Institute of Technology
_bPonnampet
_c2011
650 _aCOMPUTER SCIENCE
999 _c138116
_d138116